000 00635nam a2200229Ia 4500
003 OSt
005 20220925203856.0
006 a|||||r|||| 00| 0
007 ta
008 220923b |||||||| |||| 00| 0 eng d
037 _cGeneral Book
040 _aRTL
_cRTL
_beng
041 _2eng
_aeng
082 _aX7243y773:N6, K4
100 _aRaby William L
_9266797
245 0 _aIncime tax and business decisions
260 _aEnglewoood
_bPrentice-Hall
_c1964
300 _ax, 438p
_ccm.
650 _aBusiness Tax
942 _hX7243y773:N6, K4
_cGB
_2CC
999 _c547993
_d547993